000 00817nam a2200229Ii 4500
003 JO-AjNU
008 230605s9999||||xx |||||||||||||| ||und||
017 _a2005/13684
020 _a977-327-555-8
040 _aJO-AjNU
_bara
_erda
_cJO-AjNU
041 _aara
050 1 4 _aP61 .N35 2006
100 3 _aالنجار، نادية رمضان؛ مراجعة وتقديم عبدة الراجحي,
_eauthor
_98718
245 0 0 _aفصول في الدرس اللغوي بين القدماء والمحدثين
250 _aط1
264 3 1 _aالاسكندرية: دار الوفاء لدنيا الطباعة والنشر، 2006
300 _a151ص
336 _atext
_btxt
_2rdacontent
337 _aunmediated
_bn
_2rdamedia
338 _avolume
_bnc
_2rdacarrier
650 4 _aاللغة العربية - نحو
_98719
999 _aA932
_c4500
_d4500